| 000 | 00539nam a2200229 a 4500 | ||
|---|---|---|---|
| 001 | nice12345678 | ||
| 003 | IN_TiNIC | ||
| 005 | 20260116011333.0 | ||
| 008 | 050524s1956 lona grp 000 0 eng | ||
| 020 |
_a _c100 |
||
| 082 | 0 | 0 |
_a232.9 _bROP |
| 100 | _aRops, Daniel | ||
| 245 | _aJesus in His Time | ||
| 260 |
_aLondon _bEyre & Spottiswoode _c1956 |
||
| 300 | _a492p | ||
| 500 | _aincludes index and biblioraphy | ||
| 505 | 2 | _aIndex, Ill | |
| 650 | _aJesus Christ-Biography | ||
| 902 | _bSRS | ||
| 942 | _cBK | ||
| 999 |
_c622 _d622 |
||